00528nam a22001457a 4500020001800000082001700018100002000035245004900055260003100104300002500135650004000160942000700200999001700207952015800224 a9780470407752 a621.3824 HAU aHaupt, Randy L. a Antenna arrays a computational approach aNew YorkbJohn Wileyc2010 axiii, 534p. :e24 cm aAntenna arrays--Mathematical models cBK c12186d12186 001040708NFICaCLbCLcGENd2013-09-30eEagle Information Marketingg11109.77l3m1o621.3824 HAUpSEECS012688r2022-01-27s2018-10-03w2013-10-02yBK